Panipat: 1761/ (Record no. 18545)
[ view plain ]
| 000 -LEADER | |
|---|---|
| fixed length control field | 00917cam a22002891 4500 |
| 001 - CONTROL NUMBER | |
| control field | 7451494 |
| 003 - CONTROL NUMBER IDENTIFIER | |
| control field | BDDh-ASL |
| 005 - DATE AND TIME OF LATEST TRANSACTION | |
| control field | 20231015025719.0 |
| 008 - FIXED-LENGTH DATA ELEMENTS--GENERAL INFORMATION | |
| fixed length control field | 780328s1946 ii b b 000 0 eng |
| 010 ## - LIBRARY OF CONGRESS CONTROL NUMBER | |
| LC control number | 54021749 |
| 035 ## - SYSTEM CONTROL NUMBER | |
| System control number | (OCoLC)3755720 |
| 040 ## - CATALOGING SOURCE | |
| Original cataloging agency | DLC |
| Transcribing agency | MnU |
| Modifying agency | BDDh-ASL |
| 043 ## - GEOGRAPHIC AREA CODE | |
| Geographic area code | a-ii--- |
| 045 ## - TIME PERIOD OF CONTENT | |
| Time period code | v6v6 |
| 050 00 - LIBRARY OF CONGRESS CALL NUMBER | |
| Classification number | DS461.8 |
| Item number | .S5 |
| 082 ## - DEWEY DECIMAL CLASSIFICATION NUMBER | |
| Classification number | 954 |
| Item number | SHP |
| 100 1# - MAIN ENTRY--PERSONAL NAME | |
| Personal name | Shejwalkar, Tryambak Shankar |
| Dates associated with a name | 1895-1963. |
| 9 (RLIN) | 1359 |
| 245 10 - TITLE STATEMENT | |
| Title | Panipat: 1761/ |
| Statement of responsibility, etc. | by Tryambak Shankar Shejwalkar. |
| 250 ## - EDITION STATEMENT | |
| Edition statement | [1st ed.] |
| 260 ## - PUBLICATION, DISTRIBUTION, ETC. | |
| Place of publication, distribution, etc. | Poona |
| Name of publisher, distributor, etc. | [S. M. Katre for Deccan College Postgraduate and Research Institute] |
| Date of publication, distribution, etc. | 1946. |
| 300 ## - PHYSICAL DESCRIPTION | |
| Extent | xxiv, 141 p. : |
| Other physical details | maps. |
| Dimensions | 26 cm. |
| 440 #0 - SERIES STATEMENT/ADDED ENTRY--TITLE | |
| Title | Deccan College monograph series, |
| Volume/sequential designation | 1 |
| 504 ## - BIBLIOGRAPHY, ETC. NOTE | |
| Bibliography, etc. note | "Critical bibliography": p. 128-141. |
| 650 #0 - SUBJECT ADDED ENTRY--TOPICAL TERM | |
| Topical term or geographic name entry element | Panipat, Battle of, Pānīpat, India, 1761. |
| 906 ## - LOCAL DATA ELEMENT F, LDF (RLIN) | |
| a | 7 |
| b | cbc |
| c | oclcrpl |
| d | u |
| e | ncip |
| f | 19 |
| g | y-gencatlg |
| 942 ## - ADDED ENTRY ELEMENTS (KOHA) | |
| Source of classification or shelving scheme | Dewey Decimal Classification |
| Koha item type | Books |
| Withdrawn status | Lost status | Source of classification or shelving scheme | Damaged status | Not for loan | Collection code | Home library | Current library | Shelving location | Date acquired | Source of acquisition | Total Checkouts | Full call number | Barcode | Date last seen | Copy number | Price effective from | Koha item type | Public note |
|---|---|---|---|---|---|---|---|---|---|---|---|---|---|---|---|---|---|---|
| Dewey Decimal Classification | Not For Loan | Non-fiction | Asiatic Society Library | Asiatic Society Library | Harrison Collection | 10/13/2020 | Donated by Prof. John B. Harrison | 954 SHP | 101737 | 10/13/2020 | C-1 | 10/13/2020 | Books | RARE |